|
|
|
|
| LEADER |
01052cam a2200277 7i4500 |
| 001 |
0000035268 |
| 005 |
20180927090000.0 |
| 006 |
## mgq z f |
| 007 |
##cc cg# auaap |
| 090 |
0 |
0 |
|a PHOT 150.BS00
|b M 2017 (CD)
|
| 100 |
1 |
# |
|a Rohaidan Abdul Rahman
|e Project Officer
|
| 245 |
1 |
0 |
|a Mini Forum E-dagang Bersempena lawatanTYT Wang Bingnan, TIM.MEN.Perdagangan (MDFCOM) Rep. Rakyat China :
|b 9 Nove,ber 2017
|c kuala Lumpur.
|
| 264 |
3 |
0 |
|a Kuala Lumpur:
|b MITI,
|c 2017.
|
| 300 |
# |
# |
|a DVD-RW (83 photographs):
|b illustration, color;
|c 4 <U+00BE> in..
|
| 336 |
# |
# |
|a still image
|b sti
|2 rdacontent
|
| 337 |
# |
# |
|a computer
|b c
|2 rdamedia
|
| 338 |
# |
# |
|a computer disc
|b cd
|2 rdacarrier
|
| 347 |
# |
# |
|a image file
|b JPEG
|2 rda
|
| 600 |
0 |
0 |
|a Bahria Mohd Tamil
|
| 600 |
0 |
0 |
|a Ir Dr Mohd Shahreen Zainooreen
|
| 600 |
0 |
0 |
|a Dato' Sri Ong Ka Chuan
|
| 600 |
0 |
0 |
|a Wang Bingnan
|
| 600 |
0 |
0 |
|a Sharimahtom Mat Salleh
|
| 600 |
0 |
0 |
|a Datin K.Talagarathi
|
| 650 |
1 |
0 |
|a MATRADE --
|x Photograph Collections --
|y 2018
|
| 999 |
|
|
|a PC00001734
|b Photographs
|c Photographs
|e Business Information Centre
|